00686nam a2200229 a 4500001001300000003000900013005001700022008004100039020001000080082001600090245003300106260004900139300000900188500003500197505001700232650004000249710004000289902000800329942000700337952009700344999001500441nice12345678IN_TiNIC20260116012911.0050524s1985 bana grp 000 0 eng  ac10000a261.52bWOR aCommunication Workshop 1 & 2 aBangalorebSenate of Serampore Collegec1985 a173p aincludes index and biblioraphy2 aBibliography aCommunication-Religious Aspects-Chr2 aWorld Association of ChristianAsso. bSRS cBK 00104070aHMIbHMId2008-06-25g100.00l0o261.52 WORp012008r2026-01-16w2026-01-16yBK c8811d8811